عرض عادي
عرض مارك
- Phillips, Estelle,
مدخل إسم شخص
001 - رقم الضبط
- حقل الضبط: 34328
003 - معرف رقم الضبط
- حقل الضبط: OSt
005 - تاريخ ووقت أخر عملية
- حقل الضبط: 20130314104212.0
008 - عناصر بيانات ثابتة الطول
- حقل تحكم ثابت الطول: 130314|||a|||||| | ||| d
040 ## - مصدر الفهرسة
- هيئة الفهرسة الأصلية: OSt
- وكالة الكتابة: OSt
100 ## - مدخل -- أسم شخص
- إسم شخص: Phillips, Estelle,
- تواريخ مرتبطة بالاسم: 1928-
670 ## - بيانات المصدر موجوده
- الاستشهاد بالمصدر: Work cat.: (OSt)0: Phillips, Estelle, 1928-, How to get a Phd, 2010.
